Системный анализ и обработка информации в интеллектуальных системах: сборник научных трудов

Detaylı Bibliyografya
Müşterek Yazar: Сургутский государственный университет (СурГУ)
Dil:Rusça
Baskı/Yayın Bilgisi: Сургут, Изд-во СурГУ, 2003-
Materyal Türü: Kitap
KOHA link:https://koha.lib.tpu.ru/cgi-bin/koha/opac-detail.pl?biblionumber=38916

MARC

LEADER 00000nam1a2200000 4500
001 38916
005 20231031010923.0
035 |a (RuTPU)RU\TPU\book\39748 
090 |a 38916 
100 |a 20020320d2003 m y0engy50 ca 
101 0 |a rus 
102 |a RU 
200 1 |a Системный анализ и обработка информации в интеллектуальных системах  |e сборник научных трудов  |f Сургутский государственный университет (СурГУ) 
210 |a Сургут  |c Изд-во СурГУ  |d 2003-  
712 0 2 |a Сургутский государственный университет (СурГУ)  |2 stltpush  |3 (RuTPU)RU\TPU\col\3446 
801 1 |a RU  |b 63413507  |c 20020320  |g PSBO 
801 2 |a RU  |b 63413507  |c 20090611  |g PSBO 
942 |c BK